Report of the tribunal appointment to inquiry into the vassall case and related matters (Record no. 500122)

000 -LEADER
fixed length control field 00420cam a22001097a 4500
008 - FIXED-LENGTH DATA ELEMENTS--GENERAL INFORMATION
fixed length control field 180718b1963 xxu||||| |||| 00| 0 eng d
082 ## - DEWEY DECIMAL CLASSIFICATION NUMBER
Classification number K63x42 Un3vr
245 ## - TITLE STATEMENT
Title Report of the tribunal appointment to inquiry into the vassall case and related matters
Statement of responsibility, etc. by Tribunals of Inquiry, United Kingdom
260 ## - PUBLICATION, DISTRIBUTION, ETC.
Place of publication, distribution, etc. London
Name of publisher, distributor, etc. Her Majesty's Stationery Office
Date of publication, distribution, etc. 1963
300 ## - PHYSICAL DESCRIPTION
Extent 87+p.
700 ## - ADDED ENTRY--PERSONAL NAME
Personal name United Kingdom. Tribunals of Inquiry
Holdings
Withdrawn status Lost status Damaged status Not for loan Permanent Location Current Location Date acquired Full call number Barcode Date last seen Price effective from Koha item type
        Indian Institute of Public Administration Indian Institute of Public Administration 2018-08-04 K63x42 Un3vr G3986 2018-08-04 2018-08-04 G

Powered by Koha